| 000 | 00452nam a2200169 i 4500 | ||
|---|---|---|---|
| 001 | 65423 | ||
| 003 | ES-MaACL | ||
| 005 | 20230906165351.0 | ||
| 007 | t| | ||
| 008 | 040113s1969 sp |||| | spa d | ||
| 100 | 1 |
_aFresno, Leónides. _952536 |
|
| 245 | 1 | 0 |
_aVocabulario de la Danza General / _cLeónides Fresno. |
| 260 |
_a[León : _bs.n., _c1969] |
||
| 300 |
_a135 p. ; _c21 cm. |
||
| 630 | 0 |
_aDança general. _9171102 |
|
| 852 |
_aES-MaACL _jC-36780 |
||
| 999 |
_c65423 _d65423 |
||